| 000 | 00956nam a22002057a 4500 | ||
|---|---|---|---|
| 001 | 86488 | ||
| 003 | BD-RjUL | ||
| 005 | 20260517112611.0 | ||
| 008 | 260517s1943 ii ||||| |||| 00| 0 urd d | ||
| 035 | _a(BD-RjUL)86488 | ||
| 040 |
_aBD-RjUL _beng _cBD-RjUL |
||
| 041 | _aurd | ||
| 082 |
_223 _a891.43915 _bMUK 1943 |
||
| 100 |
_aموہانى حسرت ، Muhānī, Ḥasrat _d 1875-1951 _918497 |
||
| 245 |
_aکلیات حسرت موہانی مولانا فضل الحسن حسرت موہانی کے مکمل تیرہ دیوان مع حالات و تبصرہ / Kulliyāt-i Ḥasrat Mohānī Maulānā Faz̤l-al-Ḥasan Ḥasrat Mohānī ke mukammal terah dīvān maʿ ḥālāt va tabṣirah /لياتِ حسرت / Kullīyāt-i Ḥasrat / _cمولانا حسرت موہانى ,،, Maulānā Ḥasrat Muhānī |
||
| 264 |
_aHydrabad : _bIntejamy press, 1 _c1943 |
||
| 300 |
_a312 p. ; _c17 cm |
||
| 650 |
_aUrdu poetry _vcollection _918498 |
||
| 942 |
_2ddc _cBK |
||
| 999 |
_c86488 _d86488 |
||